<?xml version="1.0" encoding="UTF-8"?>
<record
    xmlns:xsi="http://www.w3.org/2001/XMLSchema-instance"
    xsi:schemaLocation="http://www.loc.gov/MARC21/slim http://www.loc.gov/standards/marcxml/schema/MARC21slim.xsd"
    xmlns="http://www.loc.gov/MARC21/slim">

  <leader>03863cam a22003733a 4500</leader>
  <controlfield tag="001">0000707</controlfield>
  <controlfield tag="003">DO-SdBNP</controlfield>
  <controlfield tag="005">20220317112629.0</controlfield>
  <controlfield tag="007">0000707</controlfield>
  <controlfield tag="008">861112   1990  sp ac         000 0 spa d</controlfield>
  <datafield tag="010" ind1=" " ind2=" ">
    <subfield code="a"> </subfield>
  </datafield>
  <datafield tag="020" ind1=" " ind2=" ">
    <subfield code="a">8434552361 (obra completa)</subfield>
  </datafield>
  <datafield tag="020" ind1=" " ind2=" ">
    <subfield code="a">8434553716 (v. 1)</subfield>
  </datafield>
  <datafield tag="020" ind1=" " ind2=" ">
    <subfield code="a">8434553724 (v. 2)</subfield>
  </datafield>
  <datafield tag="020" ind1=" " ind2=" ">
    <subfield code="a">8434553732 (v. 3)</subfield>
  </datafield>
  <datafield tag="020" ind1=" " ind2=" ">
    <subfield code="a">8434553740 (v. 4)</subfield>
  </datafield>
  <datafield tag="020" ind1=" " ind2=" ">
    <subfield code="a">8434553759 (v. 5)</subfield>
  </datafield>
  <datafield tag="040" ind1=" " ind2=" ">
    <subfield code="a">BPMSU</subfield>
    <subfield code="c">spa</subfield>
    <subfield code="d">BPMSU</subfield>
    <subfield code="d"> </subfield>
  </datafield>
  <datafield tag="082" ind1=" " ind2="4">
    <subfield code="a">780.9</subfield>
    <subfield code="b">H673m  </subfield>
  </datafield>
  <datafield tag="245" ind1="0" ind2="0">
    <subfield code="a">Historia de la m&#xFA;sica pop /</subfield>
    <subfield code="c">director Juan Salvat ; pr&#xF3;logo Jos&#xE9; Ram&#xF3;n Pardo</subfield>
  </datafield>
  <datafield tag="260" ind1="0" ind2=" ">
    <subfield code="a">Barcelona :</subfield>
    <subfield code="b">Salvat,</subfield>
    <subfield code="c">1990.</subfield>
  </datafield>
  <datafield tag="300" ind1=" " ind2=" ">
    <subfield code="a">5 v.  :</subfield>
    <subfield code="b">il., retrato</subfield>
    <subfield code="c">30 cm.</subfield>
  </datafield>
  <datafield tag="505" ind1=" " ind2=" ">
    <subfield code="g">v. 1 --</subfield>
    <subfield code="g">Los primeros pasos, hasta 1955 --</subfield>
    <subfield code="t">Los or&#xED;genes del jazz. Scott Joplin, Buddy Bolden, Jelly Roll Morton --</subfield>
    <subfield code="t">La edad de oro del jazz de Nueva Orleans. Louis Armstrong  --</subfield>
    <subfield code="t">La era del swing y los grandes virtuosos --</subfield>
    <subfield code="t">El jazz se especializa. Del bebop al cool, Charlie Parker,   Dizzy Gillespie,  Miles Davis --</subfield>
    <subfield code="t">Los grandes cantantes. Bing Crosby, Frank Sinatra, Andrews Sisters --</subfield>
    <subfield code="t">La canci&#xF3;n europea. cabaret alem&#xE1;n, charson francesa, romanza italiana --</subfield>
    <subfield code="t">El toque latino. Xavier Cugat, P&#xE9;rez Prado, Carlos Gardel, Panchos --</subfield>
    <subfield code="t">Las ra&#xED;ces blancas. Country y folk. Hank Williams, Jimmie Rogers, Woody Guthrie, Pete Seeger --</subfield>
    <subfield code="t">El rhyhm and blues. Muddy Waters, John Lee Hooker, B. B. King --</subfield>
  </datafield>
  <datafield tag="505" ind1=" " ind2=" ">
    <subfield code="g">v. 2 --</subfield>
    <subfield code="g">La explosi&#xF3;n del rock, 1955-1963 --</subfield>
    <subfield code="t">Pioneros del rock and roll --</subfield>
    <subfield code="t">El rock and roll negro, Chuck Berry, Ray Charles y Little Richard --</subfield>
    <subfield code="t">El rock blanco, Elvis Prisley, Everly Brothers --</subfield>
    <subfield code="t">El du-du&#xE1;, Los Platters, Drifters vs. Coasters --</subfield>
    <subfield code="t">La era prebeatle. La nueva generaci&#xF3;n: Paul Anka y Sam Cooke --</subfield>
    <subfield code="t">Los nuevos bailes. Chubby Checker, Rock ingles, Cliff Richard y los Shadows --</subfield>
    <subfield code="t">La m&#xFA;sica folk. Bob Dylan y Joan Baez --</subfield>
    <subfield code="t">El rock en espa&#xF1;ol, pioneros en Am&#xE9;rica y en Espa&#xF1;a --</subfield>
  </datafield>
  <datafield tag="505" ind1=" " ind2=" ">
    <subfield code="g">v. 3 --</subfield>
    <subfield code="g">La &#xE9;poca dorada, 1963-1970 --</subfield>
    <subfield code="t">Beatles --</subfield>
    <subfield code="t">Rolling Stones --</subfield>
    <subfield code="t">El contraataque americano. surf y Monkees --</subfield>
    <subfield code="t">Simon &amp; Garfunkel. El Folk Rock --</subfield>
    <subfield code="t">Hippies y psicod&#xE9;licos --</subfield>
    <subfield code="t">El triunfo del sonido negro: la m&#xFA;sica soul --</subfield>
    <subfield code="t">Nace, en Inglaterra, el blues blanco --</subfield>
    <subfield code="t">El rock sinf&#xF3;nico. Pink Floyd --</subfield>
    <subfield code="t">El rock se pone duro. Led Zeppelin --</subfield>
    <subfield code="t">Los grandes que crearon escuela. The Doors y Creedence claerwater Revival --</subfield>
    <subfield code="t">El rock se desgarra. Janis y Jimi --</subfield>
    <subfield code="t">Los grandes festivales: de Monterey a Wight --</subfield>
    <subfield code="t">Las voces mel&#xF3;dicas de la d&#xE9;cada --</subfield>
    <subfield code="t">El sabor latino --</subfield>
    <subfield code="t">El otro pop europeo. El ye-y&#xE9; italo-frances. Rock en espa&#xF1;ol --</subfield>
  </datafield>
  <datafield tag="505" ind1=" " ind2=" ">
    <subfield code="g">v. 4 --</subfield>
    <subfield code="g">El camino a los or&#xED;genes, 1970-1990 --</subfield>
    <subfield code="t">Jazz rock y m&#xFA;sica latina. Chicago y Santana --</subfield>
    <subfield code="t">La edad de oro de los cantautores --</subfield>
    <subfield code="t">Del country rock al country pop. Crosby, Stills, Nash &amp; Young. Eagles --</subfield>
    <subfield code="t">El glam rock. David Bowie y Elton John --</subfield>
    <subfield code="t">Del sonido Filaderfia a la discoteca. Be Gees, Travolta, Rod steward --</subfield>
    <subfield code="t">Los supergrupos, Supertramp, Queen, Dire Straits --</subfield>
    <subfield code="t">El reggae, Bob Marley --</subfield>
    <subfield code="t">La m&#xFA;sica espa&#xF1;ola de los setenta, Joan Manuel Serrat, Cecilia, Julio Iglesias --</subfield>
    <subfield code="t">La herencia de los setenta, Bruce Springsteen, Michael Jackson --</subfield>
    <subfield code="t">Punk y new wave, Sex Pistols, Clash Jam, Police y Sting --</subfield>
    <subfield code="t">Entre el tecno y la nueva era, Mike Olfield, Vangelis OMD --</subfield>
    <subfield code="t">Funky, rap y el esplendor de la m&#xFA;sica negra, Stevie Wonder, Prince, Lionel Richie --</subfield>
    <subfield code="t">Pop adolescente y visual. Duran Duran, spanday ballet, George Michael --</subfield>
    <subfield code="t">La mujer en los ochenta, Tina Turner, Madonna --</subfield>
    <subfield code="t">Rock m&#xED;stico y &#xE9;pico, U2, Sinead O&#xB4;Connor, Simple Minds --</subfield>
    <subfield code="t">Nueva ola y movida en Espa&#xF1;a, Mecano, Alaska, Radio Futura --</subfield>
  </datafield>
  <datafield tag="505" ind1=" " ind2=" ">
    <subfield code="g">v. 5 --</subfield>
    <subfield code="g">Diccionario --</subfield>
  </datafield>
  <datafield tag="600" ind1=" " ind2=" ">
    <subfield code="a"> </subfield>
    <subfield code="x"> </subfield>
  </datafield>
  <datafield tag="650" ind1=" " ind2="4">
    <subfield code="a">M&#xDA;SICA POP</subfield>
    <subfield code="x">HISTORIA</subfield>
  </datafield>
  <datafield tag="700" ind1="1" ind2="2">
    <subfield code="a">Salvat, Lu&#xED;s</subfield>
    <subfield code="e">dir.</subfield>
  </datafield>
  <datafield tag="700" ind1="1" ind2="2">
    <subfield code="a">Pardo, Jos&#xE9; Ram&#xF3;n</subfield>
    <subfield code="e">prol.</subfield>
  </datafield>
  <datafield tag="910" ind1=" " ind2=" ">
    <subfield code="a">VMateo /Validado. Control de calidad MFF</subfield>
  </datafield>
  <datafield tag="942" ind1=" " ind2=" ">
    <subfield code="2">ddc</subfield>
    <subfield code="c">BK</subfield>
  </datafield>
  <datafield tag="952" ind1=" " ind2=" ">
    <subfield code="0">0</subfield>
    <subfield code="1">0</subfield>
    <subfield code="2">ddc</subfield>
    <subfield code="4">0</subfield>
    <subfield code="7">0</subfield>
    <subfield code="8">CG</subfield>
    <subfield code="a">BPMET</subfield>
    <subfield code="b">BPMET</subfield>
    <subfield code="d">2016-10-11</subfield>
    <subfield code="e">Fundi</subfield>
    <subfield code="l">0</subfield>
    <subfield code="o">780.9 H673m</subfield>
    <subfield code="p">BPMSU16100070</subfield>
    <subfield code="r">2016-10-11</subfield>
    <subfield code="t">v. 1</subfield>
    <subfield code="w">2016-10-11</subfield>
    <subfield code="y">BK</subfield>
  </datafield>
  <datafield tag="952" ind1=" " ind2=" ">
    <subfield code="0">0</subfield>
    <subfield code="1">0</subfield>
    <subfield code="2">ddc</subfield>
    <subfield code="4">0</subfield>
    <subfield code="7">0</subfield>
    <subfield code="8">CG</subfield>
    <subfield code="a">BPMET</subfield>
    <subfield code="b">BPMET</subfield>
    <subfield code="d">2016-10-11</subfield>
    <subfield code="e">Fundi</subfield>
    <subfield code="l">0</subfield>
    <subfield code="o">780.9 H673m</subfield>
    <subfield code="p">BPMSU16100071</subfield>
    <subfield code="r">2016-10-11</subfield>
    <subfield code="t">v. 2</subfield>
    <subfield code="w">2016-10-11</subfield>
    <subfield code="y">BK</subfield>
  </datafield>
  <datafield tag="952" ind1=" " ind2=" ">
    <subfield code="0">0</subfield>
    <subfield code="1">0</subfield>
    <subfield code="2">ddc</subfield>
    <subfield code="4">0</subfield>
    <subfield code="7">0</subfield>
    <subfield code="8">CG</subfield>
    <subfield code="a">BPMET</subfield>
    <subfield code="b">BPMET</subfield>
    <subfield code="d">2016-10-11</subfield>
    <subfield code="e">Fundi</subfield>
    <subfield code="l">0</subfield>
    <subfield code="o">780.9 H673m</subfield>
    <subfield code="p">BPMSU16100072</subfield>
    <subfield code="r">2016-10-11</subfield>
    <subfield code="t">v. 3</subfield>
    <subfield code="w">2016-10-11</subfield>
    <subfield code="y">BK</subfield>
  </datafield>
  <datafield tag="952" ind1=" " ind2=" ">
    <subfield code="0">0</subfield>
    <subfield code="1">0</subfield>
    <subfield code="2">ddc</subfield>
    <subfield code="4">0</subfield>
    <subfield code="7">0</subfield>
    <subfield code="8">CG</subfield>
    <subfield code="a">BPMET</subfield>
    <subfield code="b">BPMET</subfield>
    <subfield code="d">2016-10-11</subfield>
    <subfield code="e">Fundi</subfield>
    <subfield code="l">0</subfield>
    <subfield code="o">780.9 H673m</subfield>
    <subfield code="p">BPMSU16100073</subfield>
    <subfield code="r">2016-10-11</subfield>
    <subfield code="t">v. 4</subfield>
    <subfield code="w">2016-10-11</subfield>
    <subfield code="y">BK</subfield>
  </datafield>
  <datafield tag="952" ind1=" " ind2=" ">
    <subfield code="0">0</subfield>
    <subfield code="1">0</subfield>
    <subfield code="2">ddc</subfield>
    <subfield code="4">0</subfield>
    <subfield code="7">0</subfield>
    <subfield code="8">CG</subfield>
    <subfield code="a">BPMET</subfield>
    <subfield code="b">BPMET</subfield>
    <subfield code="d">2016-10-11</subfield>
    <subfield code="e">Fundi</subfield>
    <subfield code="l">0</subfield>
    <subfield code="o">780.9 H673m</subfield>
    <subfield code="p">BPMSU16100074</subfield>
    <subfield code="r">2016-10-11</subfield>
    <subfield code="t">v. 5</subfield>
    <subfield code="w">2016-10-11</subfield>
    <subfield code="y">BK</subfield>
  </datafield>
  <datafield tag="999" ind1=" " ind2=" ">
    <subfield code="c">11515</subfield>
    <subfield code="d">11515</subfield>
  </datafield>
</record>
